000
00246nam a2200097Ia 4500
001
683457
005
20250826161438.0
008
250824s9999 xx 000 0 und d
245
0
_a
ELMA DERSEM DÜŞ
_c
DUYGU KAÇARANĞLU
260
_b
TİMAŞ YAYINLARI
999
_c
683457
_d
683457